Newcastle United Current Squad - Statistics

General Stats
  • This quiz has been taken 26 times
    3 since last reset
  • The average score is 23 of 31
Answer Stats
Hint Answer % Correct
32 Aaron Ramsdale
100%
10 Anthony Gordon
100%
39 Bruno Guimarães
100%
33 Dan Burn
100%
Eddie Howe
100%
5 Fabian Schär
100%
11 Harvey Barnes
100%
7 Joelinton
100%
2 Kieran Trippier
100%
3 Lewis Hall
100%
67 Lewis Miley
100%
1 Nick Pope
100%
27 Nick Woltemade
100%
8 Sandro Tonali
100%
4 Sven Botman
100%
21 Tino Livramento
100%
9 Yoane Wissa
100%
20 Anthony Elanga
67%
17 Emil Krafth
67%
28 Joe Willock
67%
26 John Ruddy
67%
12 Malick Thiaw
67%
18 William Osula
67%
58 Aidan Harris
33%
37 Alex Murphy
33%
23 Jacob Murphy
33%
41 Jacob Ramsey
33%
61 Leo Shahar
33%
62 Sean Neave
33%
64 Seung-soo Park
33%
29 Mark Gillepsie
0%
No matching quizzes found
Score Distribution
Percent of People with Each Score
Percentile by Number Answered
Your Score History
You have not taken this quiz since the last reset